00526nam a22001697a 450000500170000001000170001702000260003403500140006003700130007408200080008710000200009524500920011526000420020727000370024930000210028650000490030720230529143339.0 aENG-119765  c160.00a9788180642142 aEN-103297 bDBAD/PUB a121 aBagchi, Nandita aBeyond patriarchy :cby Nandita Bagchiba critique of western mainstream epistemology / aKolkatabProgressive Publishersc2012 bKolkataa37A, College Streete73 a192p. c22cm(Hb) aIncludes bibligraphical references and index